You may not be able to restrict your liability (Record no. 66584)
[ view plain ]
| 000 -LEADER | |
|---|---|
| fixed length control field | 01169cam a2200229 4500 |
| 001 - CONTROL NUMBER | |
| control field | ABS63641 |
| 008 - FIXED-LENGTH DATA ELEMENTS--GENERAL INFORMATION | |
| fixed length control field | 000000n2001 000 0 eng u |
| 035 ## - SYSTEM CONTROL NUMBER | |
| System control number | (Sirsi) u111752 |
| 100 ## - MAIN ENTRY--PERSONAL NAME | |
| Personal name | Rawstron, A. |
| 245 ## - TITLE STATEMENT | |
| Title | You may not be able to restrict your liability |
| 260 ## - PUBLICATION, DISTRIBUTION, ETC. | |
| Date of publication, distribution, etc. | 2001 |
| 490 ## - SERIES STATEMENT | |
| Series statement | Construction News |
| Volume/sequential designation | (6709) 29 March 2001, 14(1) |
| 520 ## - SUMMARY, ETC. | |
| Summary, etc. | Looks at contract provisions that limit or exclude a party's liability for breach of contract. S3(2) of the Unfair Contract Terms Act 1977 states that a contract cannot exclude liability for a breach unless this can be shown to be "reasonable". Provides details of criteria set out in the Act which throw light on the term "reasonable". Discusses the case of "Watford Electronics v Sanderson CFL", which considered a number of these issues. Notes that the courts are generally reluctant to adjust commercial bargains. |
| 590 ## - LOCAL NOTE (RLIN) | |
| Local note | ABS |
| 650 ## - SUBJECT ADDED ENTRY--TOPICAL TERM | |
| Topical term or geographic name entry element | BREACH OF CONTRACT |
| 650 ## - SUBJECT ADDED ENTRY--TOPICAL TERM | |
| Topical term or geographic name entry element | UNFAIR CONTRACT TERMS ACT 1977 |
| 650 ## - SUBJECT ADDED ENTRY--TOPICAL TERM | |
| Topical term or geographic name entry element | LIABILITY |
| 650 ## - SUBJECT ADDED ENTRY--TOPICAL TERM | |
| Topical term or geographic name entry element | CONTRACTUAL PROVISIONS |
| 650 ## - SUBJECT ADDED ENTRY--TOPICAL TERM | |
| Topical term or geographic name entry element | WATFORD ELECTRONICS V SANDERSON CFL |
| 690 ## - LOCAL SUBJECT ADDED ENTRY--TOPICAL TERM (OCLC, RLIN) | |
| Topical term or geographic name as entry element | BUILT ENVIRONMENT-BUILDING CONTRACT FORMS |
| 942 ## - ADDED ENTRY ELEMENTS (KOHA) | |
| Suppress in OPAC | 0 |
| Withdrawn status | Lost status | Source of classification or shelving scheme | Damaged status | Not for loan | Home library | Current library | Shelving location | Date acquired | Total Checkouts | Full call number | Barcode | Date last seen | Copy number | Price effective from | Koha item type |
|---|---|---|---|---|---|---|---|---|---|---|---|---|---|---|---|
| Dewey Decimal Classification | London | London | Journal article | 02/04/2001 | ABS63641 | 111752-1001 | 06/08/2019 | 1 | 06/08/2019 | Journal article |